| 000 | 00626nam a22001691cc4500 | ||
|---|---|---|---|
| 001 | aaaadap+3-2 | ||
| 035 | _aaaaadap | ||
| 008 | 170707s1995 gw |||| 000u ger d | ||
| 245 | 0 | 0 |
_aAkten zur deutschen auswärtigen Politik 1918-1945 _n3/2 _p1. November 1934 bis 30. März 1935 |
| 264 |
_aGöttingen : _bVandenhoeck & Ruprecht, _c1995 |
||
| 246 | 1 | 2 |
_aAkten zur deutschen auswärtigen Politik 1918-1945. 1. November 1934 bis 30. März 1935 _n3/2 |
| 773 | 0 | 8 |
_waaaadap _q3-2 |
| 856 | 4 | _uhttp://nbn-resolving.de/urn/resolver.pl?urn=urn:nbn:de:bvb:12-bsb00045943-9 | |
| 942 | _cMG | ||
| 040 | _cRU-10907106 | ||
| 003 | RU-10907106 | ||
| 999 |
_c45209 _d45209 |
||